Learning Resource and Development

Business administration / (Record no. 25853)

MARC details
000 -LEADER
fixed length control field 00952nam a2200289 i 4500
005 - DATE AND TIME OF LATEST TRANSACTION
control field 20230808112549.0
007 - PHYSICAL DESCRIPTION FIXED FIELD--GENERAL INFORMATION
fixed length control field ta
008 - FIXED-LENGTH DATA ELEMENTS--GENERAL INFORMATION
fixed length control field 230808s2018 at a 001 0 eng
020 ## - INTERNATIONAL STANDARD BOOK NUMBER
International Standard Book Number 9780170387033
Terms of availability paperback
040 ## - CATALOGING SOURCE
Original cataloging agency DLC
Language of cataloging eng
Transcribing agency DLC
Modifying agency CSPC
Description conventions rda
082 ## - DEWEY DECIMAL CLASSIFICATION NUMBER
Classification number 658
Item number C674b
100 ## - MAIN ENTRY--PERSONAL NAME
Personal name Cole, Kris
Relator term author.
245 ## - TITLE STATEMENT
Title Business administration /
Statement of responsibility, etc. Kris Cole.
250 ## - EDITION STATEMENT
Edition statement Second edition.
264 ## - PRODUCTION, PUBLICATION, DISTRIBUTION, MANUFACTURE, AND COPYRIGHT NOTICE
Place of production, publication, distribution, manufacture Australia :
Name of producer, publisher, distributor, manufacturer Cengage,
Date of production, publication, distribution, manufacture, or copyright notice 2018.
300 ## - PHYSICAL DESCRIPTION
Extent v, 479 pages :
Other physical details illustrations ;
Dimensions 26 cm.
336 ## - CONTENT TYPE
Source rdacontent
Content type term txt
Content type code rdacontent
337 ## - MEDIA TYPE
Source rdamedia
Media type term unmediated
Media type code n
338 ## - CARRIER TYPE
Source rdacarrier
Carrier type term volume
Carrier type code nc
500 ## - GENERAL NOTE
General note Includes index.
505 ## - FORMATTED CONTENTS NOTE
Formatted contents note Personal skills -- Team skills -- Operational skills.<br/>
650 ## - SUBJECT ADDED ENTRY--TOPICAL TERM
Topical term or geographic name entry element Industrial management.
650 ## - SUBJECT ADDED ENTRY--TOPICAL TERM
Topical term or geographic name entry element Personnel management
650 ## - SUBJECT ADDED ENTRY--TOPICAL TERM
Topical term or geographic name entry element Teams in the workplace
General subdivision Training of.
942 ## - ADDED ENTRY ELEMENTS (KOHA)
Source of classification or shelving scheme Dewey Decimal Classification
Koha item type Books
Classification part 658 C674b
Call number prefix CIR
Call number suffix 2018
Suppress in OPAC No
Holdings
Withdrawn status Lost status Source of classification or shelving scheme Damaged status Not for loan Home library Current library Shelving location Date acquired Total Checkouts Full call number Barcode Date last seen Copy number Price effective from Koha item type
    Dewey Decimal Classification     CAMPUS CSPC CAMPUS CSPC Circulation Section 02/28/2023   CIR 658 C674b 2018 000112-BUH 02/28/2023 1-1 02/28/2023 Books